00250nam a2200097Ia 4500008004000000082001300040100002300053245002600076260003900102300001100141210210b1982 xxu||||| |||| 00| 0 eng d a901 GARP aGARDINER (Patrick) aPhilosophy of history aN YbOxford University Pressc1982 avi,224